Normal view
MARC view
Entry Topical Term
001 - CONTROL NUMBER
- control field: 3530
003 - CONTROL NUMBER IDENTIFIER
- control field: ARRUPE
005 - DATE AND TIME OF LATEST TRANSACTION
- control field: 20131111121657.0
008 - FIXED-LENGTH DATA ELEMENTS
- fixed length control field: 131111|| aca||aabn | a|a d
040 ## - CATALOGING SOURCE
- Original cataloging agency: ARRUPE
- Transcribing agency: ARRUPE
150 ## - HEADING--TOPICAL TERM
- Topical term or geographic name as entry element: English poetry
- General subdivision: History and criticism.
670 ## - SOURCE DATA FOUND
- Source citation: Work cat.: (ARRUPE)0: Edwards, David L. (David Lawrence), 1929- 3529, Poets and God :, 2005.